| 000 | 00858nam a22002177a 4500 | ||
|---|---|---|---|
| 999 |
_c15787 _d15787 |
||
| 003 | OSt | ||
| 005 | 20201125101635.0 | ||
| 008 | 181213b ||||| |||| 00| 0 eng d | ||
| 022 | _a0730-3084 | ||
| 040 | _c0 | ||
| 082 | _aDPer 613.705 J863 Sept 2015-Apr 2016 v. 86-87 | ||
| 245 |
_aStudent-centered strategies for teaching modern dance in secondary physical education. _cMary Bajek, Jim Ressler, K. Andrew R. Richards, and Ferman Konukman-editor. _b |
||
| 260 |
_aPhiladelphia: _bShape America-Society of Health and Physical Educators, _c©Sept 2015-Apr 2016. |
||
| 300 |
_av87, n2, pages 52-54: _billustrations; _c28 cm. |
||
| 500 | _aJOPERD | ||
| 650 |
_aTeaching _xDance _xStrategies. _933110 |
||
| 700 |
_aRessler, J. _eAuthor. _942602 |
||
| 700 |
_aRichards, K. A. R. _eAuthor. _942603 |
||
| 700 |
_aKonukman, F. _eEditor. _942604 |
||
| 942 |
_2ddc _cPER |
||